01195cam a2200205 450000100100000000500170001000800410002702000150006802000280008304000300011108200160014124501010015726000460025830000370030450400410034150505190038265000190090165000340092070000350095400001486620200929163919.0721211s1972 onca b 000 0 eng d a0802017983 a0802001149 (microfiche) aDO-SdBNPcDLCdDLCdBNPHU aNNNNbP467m00aPerspectives on modernization :bessays in memory of Ian Weinberg /cEdited by Edward B. Harvey. aToronto, :bUniversity of Toronto,c1972. axvii, 197 p. :billus. ;c25 cm. aIncludes bibliographical references.0 aWeinberg, I. The concept of modernization. Moore, W. E. Typical normative conflicts in stages of cultural change. Baum, R. C. On political modernity. Tilly, C. The modernization of political conflict in France. Clark, S. D. Rural migration and patterns of urban growth. Shorter, E. Sexual change and illegitimacy. Nishio, H. Political centralism and economic consequences. Barrett, S. R. Crisis and change in a West African utopia. Marsden, L. R., Harvey, E. B., and Bullock, J. Language barriers to modernization. 0aSocial change. 0aSocial historyy20th century.1 aWeinberg, Ian.eed.d1938-1969